000 00386pab a2200145 454500
008 180718b16 Feb xxu||||| |||| 00| 0 eng d
100 _aGoyal, Sanjay
245 _aExcellence in higher education : Present status and future strategies
260 _c16 Feb
300 _ap.171-174.
362 _a2015
650 _aHigher education
773 _aUniversity News
909 _a107081
999 _c107076
_d107076